| 000 | 00532nam a22001937a 4500 | ||
|---|---|---|---|
| 003 | OSt | ||
| 005 | 20140310181717.0 | ||
| 008 | 130206t xxu||||| |||| 00| 0 eng d | ||
| 020 | _a9715903878 | ||
| 050 |
_aBL 624 _b.B351 2001 |
||
| 082 |
_aTR 251 _bB32 2001 |
||
| 245 |
_aA world of stories for preachers and teachers/ _c William J. Bausch. |
||
| 260 |
_aPasay City : _bPaulines Publishing House, _c2001. |
||
| 300 |
_a2 v. 515 p. ; _c21 cm. |
||
| 521 | _aFaculty | ||
| 541 | _j1 | ||
| 562 | _e1 | ||
| 942 |
_2lcc _cBK-TR _kTR |
||
| 999 |
_c1841 _d1841 |
||